000 00749nam a2200289Ia 4500
005 20260324150543.0
008 008 260324s9999 xx 000 0 eng d
020 _a9780203831878
037 _aEBOOK
040 _aCRL
040 _beng
040 _cCRL
041 _2eng
041 _aeng
084 _qCRL
100 _aC. D. Broad
_91226821
245 0 _aLectures on Psychical Research (Routledge Revivals)
245 0 _bIncorporating the Perrott Lectures Given in Cambridge University in 1959 and 1960
260 _bTaylor and Francis
260 _c1962
365 _a
365 _b290
856 _uhttp://www.taylorfrancis.com/books/9780203831878
942 _cEBOOK
999 _c1836463
_d1836463